<?xml version="1.0" encoding="UTF-8"?><?xml-stylesheet type="text/xsl" href="static/style.xsl"?><OAI-PMH xmlns="http://www.openarchives.org/OAI/2.0/" xmlns:xsi="http://www.w3.org/2001/XMLSchema-instance" xsi:schemaLocation="http://www.openarchives.org/OAI/2.0/ http://www.openarchives.org/OAI/2.0/OAI-PMH.xsd"><responseDate>2026-04-14T04:05:58Z</responseDate><request verb="GetRecord" identifier="oai:www.recercat.cat:2445/134661" metadataPrefix="marc">https://recercat.cat/oai/request</request><GetRecord><record><header><identifier>oai:recercat.cat:2445/134661</identifier><datestamp>2025-12-04T19:30:06Z</datestamp><setSpec>com_2072_1057</setSpec><setSpec>col_2072_478828</setSpec><setSpec>col_2072_478917</setSpec></header><metadata><record xmlns="http://www.loc.gov/MARC21/slim" xmlns:dcterms="http://purl.org/dc/terms/" xmlns:xsi="http://www.w3.org/2001/XMLSchema-instance" xmlns:doc="http://www.lyncode.com/xoai" xsi:schemaLocation="http://www.loc.gov/MARC21/slim http://www.loc.gov/standards/marcxml/schema/MARC21slim.xsd">
   <leader>00925njm 22002777a 4500</leader>
   <datafield ind2=" " ind1=" " tag="042">
      <subfield code="a">dc</subfield>
   </datafield>
   <datafield ind2=" " ind1=" " tag="720">
      <subfield code="a">Sarri Valdezate, Dídac</subfield>
      <subfield code="e">author</subfield>
   </datafield>
   <datafield ind2=" " ind1=" " tag="260">
      <subfield code="c">2019-06-06T08:46:30Z</subfield>
   </datafield>
   <datafield ind2=" " ind1=" " tag="260">
      <subfield code="c">2019-06-06T08:46:30Z</subfield>
   </datafield>
   <datafield ind2=" " ind1=" " tag="260">
      <subfield code="c">2019</subfield>
   </datafield>
   <datafield ind2=" " ind1=" " tag="520">
      <subfield code="a">Podeu consultar el document complet a: http://hdl.handle.net/2445/134258</subfield>
   </datafield>
   <datafield ind2=" " ind1=" " tag="520">
      <subfield code="a">El presente trabajo es fruto de un cúmulo de experiencias académicas y profesionales en los campos&#xd;
de la reproducción de obras de arte y de la conservación-restauración del patrimonio.&#xd;
Desde mediados de la década de los noventa, se ha registrado en Cataluña un crecimiento considerable&#xd;
tanto de solicitudes como de realización de reproducciones de bienes culturales por parte de&#xd;
diferentes instituciones, debido al importante papel que desempeñan para el desarrollo de la investigación,&#xd;
conservación, didáctica y divulgación del patrimonio. El ejemplo más significativo es la cantidad&#xd;
de copias de pinturas murales y de esculturas expuestas en las iglesias románicas Patrimonio&#xd;
de la Humanidad de la Vall de Boí (Lleida), cuyos Bienes originales se encuentran, en su mayoría,&#xd;
custodiados en el Museu Nacional d’Art de Catalunya. También podemos contemplar trabajos de&#xd;
réplica, muy diversos y notorios, distribuidos en toda la geografía catalana en diferentes entornos&#xd;
como museos, espacios públicos, escuelas, centros de interpretación, etc.&#xd;
En unos casos las reproducciones sustituyen a un bien cultural por motivos de conservación preventiva,&#xd;
y en otros, completan un discurso expositivo para una mejor comprensión de una época artística.&#xd;
Las réplicas se utilizan también para interactuar de forma diversa con el Bien que representan,&#xd;
pudiendo ser mostradas y manipuladas como herramienta para la investigación o la pedagogía. En la&#xd;
variedad de todos los trabajos de copia se encuentra la riqueza y parece demostrado que favorecen&#xd;
el impulso de la cultura.&#xd;
Con estos precedentes se ha considerado interesante profundizar en todas las cuestiones que engloban&#xd;
los trabajos de reproducción, con el objetivo de sistematizar el uso de las reproducciones para&#xd;
aprovechar al máximo sus recursos.</subfield>
   </datafield>
   <datafield tag="653" ind2=" " ind1=" ">
      <subfield code="a">Conservació i restauració d'obres d'art</subfield>
   </datafield>
   <datafield tag="653" ind2=" " ind1=" ">
      <subfield code="a">Congressos</subfield>
   </datafield>
   <datafield tag="653" ind2=" " ind1=" ">
      <subfield code="a">Conservation and restoration of art objects</subfield>
   </datafield>
   <datafield tag="653" ind2=" " ind1=" ">
      <subfield code="a">Congresses</subfield>
   </datafield>
   <datafield ind2="0" ind1="0" tag="245">
      <subfield code="a">La importancia de las reproducciones al servicio del arte</subfield>
   </datafield>
</record></metadata></record></GetRecord></OAI-PMH>